[Event "Hamburg-chI"]
[Site "Hamburg"]
[Date "1998.06.04"]
[Round "7"]
[White "Wendt, Jan Dietrich"]
[Black "Buhr, Carl Christian"]
[Result "1/2-1/2"]
[WhiteElo "2275"]
[BlackElo "2325"]
[PlyCount "76"]
[EventDate "1998.05.29"]
[Source "ChessBase"]
[SourceDate "1998.07.07"]

1. d4 Nf6 2. Nf3 g6 3. c4 Bg7 4. Nc3 O-O 5. e4 d6 6. h3 e5 7. d5 a5 8. Bg5 Qe8
9. Nd2 h6 10. Be3 Na6 11. g4 Nc5 12. Be2 Nh7 13. h4 f5 14. h5 f4 15. Bxc5 dxc5
16. Nb5 Qd8 17. hxg6 Ng5 18. f3 Rf6 19. Qc2 Rxg6 20. O-O-O Bd7 21. Nb3 Bf8 22.
Kb1 a4 23. Nc1 Qb8 24. Nd3 c6 25. Nc3 Be8 26. Ne1 b5 27. dxc6 b4 28. Nb5 Bxc6
29. Ng2 Ne6 30. Nh4 Rf6 31. Nf5 Qb6 32. Rhg1 Rg6 33. Rd5 Bxd5 34. exd5 Ng5 35.
Rd1 Nf7 36. Bd3 Rf6 37. Be4 Nd6 38. Nbxd6 b3 1/2-1/2

[Event "Hamburg-chI"]
[Site "Hamburg"]
[Date "1998.06.05"]
[Round "8"]
[White "Breyther, Ruediger"]
[Black "Lamprecht, Frank"]
[Result "1/2-1/2"]
[WhiteElo "2385"]
[BlackElo "2395"]
[PlyCount "48"]
[EventDate "1998.05.29"]
[Source "ChessBase"]
[SourceDate "1998.07.07"]

1. e4 e6 2. d4 d5 3. Nd2 c5 4. exd5 Qxd5 5. Ngf3 cxd4 6. Bc4 Qd6 7. Qe2 Nf6 8.
Nb3 Nc6 9. Bg5 a6 10. O-O-O b5 11. Bd3 Be7 12. Kb1 e5 13. h3 Be6 14. Rhe1 Rc8
15. Bh4 Nd7 16. Bg3 O-O 17. Nxe5 Ndxe5 18. Bxe5 Nxe5 19. Qxe5 Qxe5 20. Rxe5 Bf6
21. Re2 Rfe8 22. Rde1 Kf8 23. Nd2 h6 24. Nf3 g5 1/2-1/2

[Event "Hamburg-chI"]
[Site "Hamburg"]
[Date "1998.06.05"]
[Round "8"]
[White "Buhr, Carl Christian"]
[Black "Pajeken, Wolfgang"]
[Result "1/2-1/2"]
[WhiteElo "2325"]
[BlackElo "2290"]
[PlyCount "81"]
[EventDate "1998.05.29"]
[Source "ChessBase"]
[SourceDate "1998.07.07"]

1. d4 Nf6 2. c4 c5 3. e3 g6 4. Nc3 Bg7 5. Nf3 O-O 6. Be2 d5 7. cxd5 Nxd5 8. Qb3
Nxc3 9. bxc3 b6 10. Ba3 Be6 11. Qd1 Qc7 12. Qd2 Nc6 13. Ng5 Bf5 14. d5 Bh6 15.
h4 Rad8 16. Rd1 Ne5 17. c4 f6 18. Nf3 Nf7 19. h5 g5 20. Nh2 Qc8 21. g4 Bd7 22.
f3 e5 23. e4 Nd6 24. Qe3 Qa6 25. Rc1 Rb8 26. Nf1 Rfc8 27. Ng3 Rc7 28. Rc3 Bf8
29. Kf2 h6 30. Rb1 Ne8 31. Qc1 Bd6 32. Bb2 Qc8 33. Qc2 a6 34. Bc1 b5 35. a3 b4
36. Rd3 a5 37. Bd2 Rcb7 38. Be3 b3 39. Qb2 a4 40. Bf1 Kh7 41. Be2 1/2-1/2

[Event "Hamburg-chI"]
[Site "Hamburg"]
[Date "1998.06.05"]
[Round "8"]
[White "Engelbert, Christoph"]
[Black "Rakow, Thorben"]
[Result "1/2-1/2"]
[WhiteElo "2250"]
[BlackElo "2070"]
[PlyCount "98"]
[EventDate "1998.05.29"]
[Source "ChessBase"]
[SourceDate "1998.07.07"]

1. e4 c6 2. d4 d5 3. exd5 cxd5 4. c4 Nf6 5. Nc3 e6 6. Nf3 Nc6 7. cxd5 exd5 8.
Bd3 Bg4 9. Be3 Be7 10. O-O O-O 11. h3 Bh5 12. a3 Qd7 13. Be2 Bd6 14. Bg5 Ne4
15. g4 Bxg4 16. Nxe4 dxe4 17. Ne5 Bxe5 18. Bxg4 Qxd4 19. Be3 Qxd1 20. Rfxd1
Rfd8 21. Rab1 g6 22. Be2 Rxd1+ 23. Rxd1 Rd8 24. Rxd8+ Nxd8 25. b4 Nc6 26. Bc4
a6 27. Bc5 Kg7 28. Bd5 f5 29. a4 Bc7 30. b5 axb5 31. axb5 Na5 32. b6 Bd8 33.
Kg2 g5 34. Kg3 h5 35. Kg2 Kf6 36. Bd4+ Ke7 37. Bc5+ Kd7 38. h4 gxh4 39. f3 e3
40. Bxe3 Kd6 41. Bf7 Ke5 42. f4+ Ke4 43. Kf2 Kd3 44. Be6 Ke4 45. Bf7 Nc6 46.
Bxh5 Kd5 47. Bf3+ Kd6 48. Kg2 Na5 49. Bf2 Bf6 1/2-1/2

[Event "Hamburg-chI"]
[Site "Hamburg"]
[Date "1998.06.05"]
[Round "8"]
[White "Heinemann, Thies"]
[Black "Hochgraefe, Markus"]
[Result "1-0"]
[WhiteElo "2450"]
[BlackElo "2300"]
[PlyCount "80"]
[EventDate "1998.05.29"]
[Source "ChessBase"]
[SourceDate "1998.07.07"]

1. e4 e6 2. d4 d5 3. Nd2 Nf6 4. e5 Nfd7 5. Bd3 c5 6. c3 b6 7. Ndf3 Ba6 8. Bxa6
Nxa6 9. Ne2 Be7 10. Nf4 b5 11. O-O O-O 12. Qe2 Nc7 13. dxc5 Nxc5 14. Nd4 Qd7
15. Nh5 Kh8 16. Qg4 Rg8 17. Nf3 Ne4 18. Ng5 Bxg5 19. Bxg5 Nxg5 20. Qxg5 Qd8 21.
Qf4 Qe7 22. Rfe1 Rab8 23. Re3 Rb7 24. Rh3 Ne8 25. Re1 Rc7 26. b3 a5 27. Ree3
Qa3 28. Rd3 Qxa2 29. g4 Qe2 30. Rde3 Qc2 31. Rd3 Qe2 32. Rhe3 Qc2 33. g5 a4 34.
Rh3 Qe2 35. Rd4 axb3 36. Ng3 Qc2 37. Rb4 Rc4 38. Qxf7 Rg4 39. Rxg4 b2 40. g6
b1=Q+ 1-0

[Event "Hamburg-chI"]
[Site "Hamburg"]
[Date "1998.06.05"]
[Round "8"]
[White "Kempinski, Robert"]
[Black "Gustafsson, Jan"]
[Result "1-0"]
[WhiteElo "2520"]
[BlackElo "2385"]
[PlyCount "97"]
[EventDate "1998.05.29"]
[Source "ChessBase"]
[SourceDate "1998.07.07"]

1. d4 Nf6 2. Nf3 e6 3. e3 b6 4. Bd3 Bb7 5. O-O Be7 6. c4 d5 7. Nc3 O-O 8. a3 c5
9. cxd5 cxd4 10. exd4 Nxd5 11. Ne4 Nf6 12. Nc3 Ba6 13. Ne5 Nd5 14. Bxa6 Nxa6
15. Nc6 Qd7 16. Nxd5 exd5 17. Ne5 Qf5 18. g4 Qc8 19. Bf4 Bd6 20. Rc1 Qb7 21.
Qa4 Rac8 22. Bg3 Bxe5 23. Bxe5 Nb8 24. Qb5 Rfd8 25. Rxc8 Qxc8 26. h3 Qc6 27. a4
Qxb5 28. axb5 Nd7 29. Bg3 Nf8 30. Ra1 Ne6 31. Rxa7 Nxd4 32. Rb7 Nxb5 33. Rxb6
Nd4 34. Kf1 h6 35. Ke1 Ne6 36. b4 Kf8 37. b5 Ke7 38. h4 d4 39. Rb7+ Rd7 40.
Rxd7+ Kxd7 41. Ke2 Nc5 42. Be5 d3+ 43. Ke3 Ne4 44. f3 d2 45. Ke2 f6 46. fxe4
fxe5 47. Kxd2 Kd6 48. Kd3 Kc5 49. b6 1-0

[Event "Hamburg-chI"]
[Site "Hamburg"]
[Date "1998.06.05"]
[Round "8"]
[White "Pelletier, Yannick"]
[Black "Lindinger, Markus"]
[Result "1-0"]
[WhiteElo "2515"]
[BlackElo "2245"]
[PlyCount "55"]
[EventDate "1998.05.29"]
[Source "ChessBase"]
[SourceDate "1998.07.07"]

1. c4 e6 2. g3 d5 3. Bg2 Nf6 4. Nf3 dxc4 5. Qa4+ Nbd7 6. Qxc4 a6 7. Qb3 c5 8.
a4 Bd6 9. d3 Rb8 10. a5 O-O 11. Nbd2 b5 12. axb6 Nxb6 13. O-O Qc7 14. Qc2 Bb7
15. b3 Nbd5 16. Nc4 Be7 17. Bb2 Nd7 18. Rfc1 Rfc8 19. Qd1 Qd8 20. Nfd2 f6 21.
Na5 Ba8 22. Qc2 Nb4 23. Qc4 Bd5 24. Qg4 Nf8 25. Nac4 Qd7 26. Bc3 Qb7 27. Ne4
Rc7 28. Bxf6 1-0

[Event "Hamburg-chI"]
[Site "Hamburg"]
[Date "1998.06.05"]
[Round "8"]
[White "Trisic, Alexandar"]
[Black "Bach, Matthias"]
[Result "0-1"]
[WhiteElo "2330"]
[BlackElo "2320"]
[PlyCount "158"]
[EventDate "1998.05.29"]
[Source "ChessBase"]
[SourceDate "1998.07.07"]

1. e4 c5 2. Nf3 Nf6 3. Nc3 d5 4. exd5 Nxd5 5. Bb5+ Bd7 6. Qe2 a6 7. Bc4 Nb6 8.
d3 e6 9. Ne4 Bc6 10. Nfg5 Nxc4 11. dxc4 Bxe4 12. Qxe4 Nc6 13. Be3 Be7 14. h4 h6
15. Nf3 Qa5+ 16. Bd2 Qb6 17. Bc3 O-O-O 18. Bxg7 Rhg8 19. Bc3 Rxg2 20. Ng5 Rxf2
21. Kxf2 hxg5 22. hxg5 Bxg5 23. Rag1 Rg8 24. Qh7 Qd8 25. Qxg8 Qxg8 26. Rh8 Qxh8
27. Bxh8 Bh4+ 28. Ke3 Kd7 29. Rg7 Ke7 30. Rg4 Bf6 31. Bxf6+ Kxf6 32. Rg8 Ke7
33. c3 Kd7 34. Rf8 Ke7 35. Rg8 Kd7 36. Rf8 Ke7 37. Rg8 Kd7 38. Kf4 Ne7 39. Rb8
Kc7 40. Re8 Kd7 41. Ra8 Nc8 42. b3 Kc7 43. Ke5 Nb6 44. Rh8 Nd7+ 45. Kf4 Kd6 46.
Rc8 Ne5 47. Rb8 Kc7 48. Rg8 Kd6 49. Rg7 Ng6+ 50. Kg5 Ke7 51. Rg8 Nf8 52. Kh6
Nd7 53. Rc8 Kd6 54. Kg5 f6+ 55. Kg6 f5 56. Kg5 a5 57. Kf4 Nb6 58. Rb8 Kc7 59.
Rg8 Kd6 60. Rg7 Nd7 61. Kg5 b6 62. Rh7 Kc6 63. a3 Kd6 64. Rh1 a4 65. Rd1+ Ke7
66. bxa4 Ne5 67. Rh1 Nxc4 68. Rh7+ Kd6 69. Kf6 f4 70. Rh1 Ne3 71. Kg5 Ke5 72.
Rh3 c4 73. Rf3 Nd5 74. Rf1 Nxc3 75. Rxf4 Ne4+ 76. Kg4 c3 77. Kf3 Nd2+ 78. Ke3
c2 79. Rf1 Nxf1+ 0-1

[Event "Hamburg-chI"]
[Site "Hamburg"]
[Date "1998.06.05"]
[Round "8"]
[White "Voigt, Martin"]
[Black "Hegeler, Frank"]
[Result "1/2-1/2"]
[WhiteElo "2265"]
[BlackElo "2330"]
[PlyCount "89"]
[EventDate "1998.05.29"]
[Source "ChessBase"]
[SourceDate "1998.07.07"]

1. e4 c5 2. Nf3 Nc6 3. b4 b6 4. b5 Nd4 5. Nxd4 cxd4 6. Bb2 e5 7. Bc4 Qh4 8. O-O
Nf6 9. d3 Bc5 10. Nd2 O-O 11. Bc1 d5 12. Bxd5 Nxd5 13. exd5 Qd8 14. f4 exf4 15.
Qh5 Bb7 16. Ne4 Qxd5 17. Qxd5 Bxd5 18. Rxf4 Bxe4 19. Rxe4 f5 20. Rf4 Rae8 21.
Bd2 Re2 22. Rf2 Rxf2 23. Kxf2 a6 24. a4 Ra8 25. a5 axb5 26. a6 b4 27. Kf3 Kf7
28. Bf4 b5 29. Ra5 Ke6 30. g4 fxg4+ 31. Ke4 Bb6 32. Rxb5 Rxa6 33. Be5 g6 34.
Rxb4 h5 35. Bxd4 Bc7 36. Rb7 Bxh2 37. Rg7 Ra4 38. Rxg6+ Kf7 39. Rg7+ Kf8 40.
Rg5 g3 41. Rf5+ Ke8 42. c4 h4 43. Be5 h3 44. Rf3 Ra5 45. Bxg3 1/2-1/2

[Event "Hamburg-chI"]
[Site "Hamburg"]
[Date "1998.06.05"]
[Round "8"]
[White "Wilhelmi, Christian"]
[Black "Pestov, Sergei M"]
[Result "1/2-1/2"]
[WhiteElo "2445"]
[BlackElo "2335"]
[PlyCount "120"]
[EventDate "1998.05.29"]
[Source "ChessBase"]
[SourceDate "1998.07.07"]

1. e4 e6 2. d4 d5 3. Nd2 b6 4. Ngf3 Nf6 5. Bd3 dxe4 6. Nxe4 Bb7 7. Nxf6+ gxf6
8. Bf4 Bd6 9. Bg3 Qe7 10. Qe2 Nc6 11. d5 Nb4 12. Bb5+ Kf8 13. dxe6 Qxe6 14.
Bxd6+ Qxd6 15. O-O Rg8 16. Ne1 a6 17. Rd1 Qc5 18. Bd7 Nxc2 19. Bh3 Nd4 20. Qe3
Rd8 21. Kh1 Rd6 22. Nd3 Qg5 23. Nf4 Ne6 24. Rxd6 cxd6 25. Qxb6 Nxf4 26. Qxb7
Rg6 27. g3 Nxh3 28. Qc8+ Kg7 29. Qxh3 Qd5+ 30. Qg2 Qxa2 31. f4 f5 32. Rd1 Re6
33. Qc2 Qa5 34. Qc3+ Qxc3 35. bxc3 Re2 36. Rxd6 a5 37. Ra6 Ra2 38. c4 a4 39. c5
Kf8 40. Ra7 Ke8 41. c6 Kd8 42. Rxf7 a3 43. Ra7 h5 44. Kg1 Kc8 45. h3 Kb8 46.
c7+ Kc8 47. g4 hxg4 48. hxg4 Rc2 49. gxf5 Rxc7 50. Rxa3 Kd7 51. Kg2 Ke7 52. Ra6
Rc3 53. Kf2 Kf7 54. Re6 Ra3 55. Re3 Ra1 56. Kf3 Kf6 57. Re5 Rf1+ 58. Kg3 Rg1+
59. Kf2 Ra1 60. Rd5 Ra3 1/2-1/2

[Event "Hamburg-chI"]
[Site "Hamburg"]
[Date "1998.06.06"]
[Round "9"]
[White "Bach, Matthias"]
[Black "Engelbert, Christoph"]
[Result "1/2-1/2"]
[WhiteElo "2320"]
[BlackElo "2250"]
[PlyCount "36"]
[EventDate "1998.05.29"]
[Source "ChessBase"]
[SourceDate "1998.07.07"]

1. d4 g6 2. c4 Bg7 3. e4 Nc6 4. Be3 e5 5. d5 Nd4 6. Bd3 c5 7. Ne2 d6 8. O-O Nf6
9. Bxd4 exd4 10. h3 O-O 11. Nd2 Ne8 12. f4 f5 13. exf5 Bxf5 14. Bxf5 Rxf5 15.
Ng3 Rf8 16. Nge4 h6 17. Qg4 Kh7 18. f5 g5 1/2-1/2

[Event "Hamburg-chI"]
[Site "Hamburg"]
[Date "1998.06.06"]
[Round "9"]
[White "Gustafsson, Jan"]
[Black "Breyther, Ruediger"]
[Result "1/2-1/2"]
[WhiteElo "2385"]
[BlackElo "2385"]
[PlyCount "23"]
[EventDate "1998.05.29"]
[Source "ChessBase"]
[SourceDate "1998.07.07"]

1. d4 Nf6 2. c4 e6 3. Nc3 Bb4 4. e3 c5 5. Nge2 d5 6. a3 Bxc3+ 7. Nxc3 cxd4 8.
exd4 dxc4 9. Bxc4 Nc6 10. Be3 O-O 11. O-O b6 12. Qf3 1/2-1/2

[Event "Hamburg-chI"]
[Site "Hamburg"]
[Date "1998.06.06"]
[Round "9"]
[White "Hochgraefe, Markus"]
[Black "Meyer, Falko"]
[Result "1/2-1/2"]
[WhiteElo "2300"]
[BlackElo "2330"]
[PlyCount "126"]
[EventDate "1998.05.29"]
[Source "ChessBase"]
[SourceDate "1998.07.07"]

1. c4 Nf6 2. Nc3 e5 3. Nf3 Nc6 4. e3 Be7 5. d4 exd4 6. Nxd4 O-O 7. Be2 Nxd4 8.
Qxd4 d6 9. O-O a5 10. b3 Nd7 11. Nd5 Bf6 12. Nxf6+ Qxf6 13. Qxf6 Nxf6 14. Bf3
Re8 15. Ba3 Ne4 16. Rfd1 Bf5 17. Rac1 b6 18. Be2 h6 19. f3 Nc5 20. Kf2 Kf8 21.
Bf1 Re7 22. e4 Bd7 23. Re1 Bc6 24. Rcd1 Rae8 25. Bb2 Bd7 26. Bc3 f5 27. exf5
Bxf5 28. Rxe7 Rxe7 29. Bd4 Re8 30. h4 Kf7 31. h5 Na6 32. g4 Bh7 33. Bc3 Nc5 34.
Bd4 Na6 35. Bd3 Bxd3 36. Rxd3 a4 37. f4 Nb4 38. Rd2 axb3 39. axb3 Ra8 40. Bc3
Nc6 41. Ke3 Ra3 42. Rb2 Ra1 43. b4 Rh1 44. Rg2 Rh3+ 45. Kd2 b5 46. cxb5 Na7 47.
g5 Rxh5 48. gxh6 g6 49. Bg7 Nxb5 50. Rg5 Rxg5 51. fxg5 c5 52. bxc5 dxc5 53. Be5
Kg8 54. Kd3 Na7 55. Kc4 Nc8 56. Kxc5 Ne7 57. Kd6 Nf5+ 58. Ke6 Kh7 59. Bg7 Ng3
60. Kf7 Nf5 61. Kf6 Ng3 62. Ke5 Nf5 63. Kf4 Nh4 1/2-1/2

[Event "Hamburg-chI"]
[Site "Hamburg"]
[Date "1998.06.06"]
[Round "9"]
[White "Lindinger, Markus"]
[Black "Pestov, Sergei M"]
[Result "1-0"]
[WhiteElo "2245"]
[BlackElo "2335"]
[PlyCount "107"]
[EventDate "1998.05.29"]
[Source "ChessBase"]
[SourceDate "1998.07.07"]

1. d4 e6 2. Nf3 f5 3. g3 b5 4. Bg2 Bb7 5. O-O Nf6 6. b3 c5 7. Bb2 Qb6 8. a4 a6
9. Nbd2 Be7 10. dxc5 Qxc5 11. c4 b4 12. Bd4 Qc7 13. e4 fxe4 14. Ng5 Nc6 15. Be3
O-O 16. Ngxe4 Rad8 17. Qe2 Nxe4 18. Nxe4 Qe5 19. Bb6 Rb8 20. Rad1 Bc8 21. f4
Qf5 22. Bc7 Rb7 23. g4 Qg6 24. Bd6 Qh6 25. Bxe7 Nxe7 26. f5 Rb6 27. g5 Qh4 28.
f6 Nf5 29. fxg7 Kxg7 30. Qb2+ Kg6 31. Qe5 Rc6 32. Rf4 d6 33. Nxd6 Qxg5 34. h4
Rxd6 35. Rxd6 Qe7 36. Be4 Kf7 37. Bxf5 exf5 38. Qxe7+ Kxe7 39. Rb6 a5 40. Rb5
Ke6 41. Rxa5 Bb7 42. Kf2 Be4 43. Ke3 Bc2 44. Rb5 Rd8 45. Rxb4 Rd3+ 46. Ke2 Ke5
47. Rf3 Rd8 48. Rb5+ Ke4 49. Rfxf5 Bxb3 50. Rbe5+ Kd4 51. Rd5+ Rxd5 52. cxd5
Bc2 53. Rh5 Bxa4 54. d6 1-0

[Event "Hamburg-chI"]
[Site "Hamburg"]
[Date "1998.06.06"]
[Round "9"]
[White "Lukacs, Peter"]
[Black "Pelletier, Yannick"]
[Result "1/2-1/2"]
[WhiteElo "2515"]
[BlackElo "2515"]
[PlyCount "21"]
[EventDate "1998.05.29"]
[Source "ChessBase"]
[SourceDate "1998.07.07"]

1. d4 Nf6 2. c4 e6 3. Nf3 d5 4. Nc3 c6 5. Bg5 h6 6. Bxf6 Qxf6 7. e3 Bd7 8. Bd3
dxc4 9. Bxc4 g6 10. O-O Bg7 11. Bb3 1/2-1/2

[Event "Hamburg-chI"]
[Site "Hamburg"]
[Date "1998.06.06"]
[Round "9"]
[White "Pajeken, Wolfgang"]
[Black "Trisic, Alexandar"]
[Result "1/2-1/2"]
[WhiteElo "2290"]
[BlackElo "2330"]
[PlyCount "22"]
[EventDate "1998.05.29"]
[Source "ChessBase"]
[SourceDate "1998.07.07"]

1. d4 c5 2. c3 e6 3. Nf3 Nf6 4. Bf4 Nc6 5. e3 d5 6. Nbd2 Be7 7. h3 O-O 8. Bd3
Bd7 9. O-O Rc8 10. Ne5 Be8 11. Ndf3 Ne4 1/2-1/2

[Event "Hamburg-chI"]
[Site "Hamburg"]
[Date "1998.06.06"]
[Round "9"]
[White "Rakow, Thorben"]
[Black "Voigt, Martin"]
[Result "0-1"]
[WhiteElo "2070"]
[BlackElo "2265"]
[PlyCount "74"]
[EventDate "1998.05.29"]
[Source "ChessBase"]
[SourceDate "1998.07.07"]

1. e4 e6 2. d4 d5 3. Nc3 Bb4 4. e5 c5 5. a3 Bxc3+ 6. bxc3 Qc7 7. Nf3 b6 8. h4
Ne7 9. h5 h6 10. Rh3 Ba6 11. Bxa6 Nxa6 12. Bd2 Rc8 13. Qe2 Nb8 14. Kf1 Nbc6 15.
g4 Na5 16. Ne1 Nc4 17. Kg2 Nc6 18. Be3 cxd4 19. cxd4 O-O 20. g5 Nxe3+ 21. Qxe3
hxg5 22. Qxg5 f6 23. Qg4 Qf7 24. Nf3 fxe5 25. dxe5 Qf5 26. Qg3 Ne7 27. Rg1 Rc3
28. Kh2 Rf7 29. h6 Rxf3 30. Qxf3 Qxf3 31. Rxf3 Rxf3 32. Rxg7+ Kf8 33. Rg4 Rf5
34. Ra4 Kg8 35. Rg4+ Kh8 36. Rg7 Rh5+ 37. Kg3 Nf5+ 0-1

[Event "Hamburg-chI"]
[Site "Hamburg"]
[Date "1998.06.06"]
[Round "9"]
[White "Rogozenko, Dorian"]
[Black "Heinemann, Thies"]
[Result "1-0"]
[WhiteElo "2495"]
[BlackElo "2450"]
[PlyCount "89"]
[EventDate "1998.05.29"]
[Source "ChessBase"]
[SourceDate "1998.07.07"]

1. d4 Nf6 2. c4 c5 3. d5 b5 4. cxb5 a6 5. b6 d6 6. Nc3 Qxb6 7. e4 g6 8. Nf3 Bg7
9. Nd2 Nbd7 10. a4 O-O 11. a5 Qb7 12. Nc4 Ne8 13. Bd3 Nc7 14. O-O Nb5 15. Na4
Rb8 16. Nab6 Nxb6 17. Nxb6 Bd7 18. Rb1 e6 19. Bf4 exd5 20. exd5 Be5 21. Bxe5
dxe5 22. Qc2 e4 23. Bxe4 Nd6 24. Rbc1 c4 25. Rfe1 Bb5 26. h4 Rfe8 27. h5 Qe7
28. Bf3 Qxe1+ 29. Rxe1 Rxe1+ 30. Kh2 gxh5 31. Qc3 Ree8 32. Qf6 Red8 33. Bxh5
Kf8 34. Bg4 Ne8 35. Qe5 Rb7 36. Qh8+ Ke7 37. Nc8+ Rxc8 38. Bxc8 Rc7 39. Qe5+
Kd8 40. Bf5 f6 41. Qd4 Rb7 42. Qc5 Bd7 43. Bxd7 Rxd7 44. Qb6+ Ke7 45. Qxa6 1-0